00389nam a2200097Ia 4500008004100000041000800041100003500049245011500084260005000199650004200249191203s9999 xx 000 0 und d aeng aChathurika Janadari Lekamwasam 0a"The OSMAC Effect on the Production of Secondary Metabolites by the Endolichenic Fungus , Curvularia trifolii" aInstitiute of Chemistri CeylonbColomboc2019 a"Seminar Reports ,Dissertations,2019"